01702nam a2200397 a 4500001001200000003000800012006001900020007001500039008004100054010001700095020002300112040002100135035002100156050002600177082002200203100002100225245009500246260011400341300001600455490004600471504006400517533015200581610003200733650003700765650004700802650003100849651004800880651004500928651003400973651004401007655002901051710001701080830006401097856012601161999001701287ebr10076987CaPaEBRm u cr cn|||||||||010402s2001 enk sb 001 0 eng  z 2001024551 z0333968409 (cloth) aCaPaEBRcCaPaEBR a(OCoLC)55965436614aDT469.M47bJ33 2001eb04a355/.009698/22211 aJackson, Ashley.10aWar and empire in Mauritius and the Indian Oceanh[electronic resource] /cAshley Jackson. aHoundmills, Basingstoke, Hampshire ;aNew York :bPalgrave, in association with Kings College, London,c2001. axiv, 241 p.1 aStudies in military and strategic history aIncludes bibliographical references (p. 225-235) and index. aElectronic reproduction.bPalo Alto, Calif. :cebrary,d2013.nAvailable via World Wide Web.nAccess may be limited to ebrary affiliated libraries.10aGreat Britain.bRoyal Navy. 0aWorld War, 1939-1945zMauritius. 0aWorld War, 1939-1945zIndian Ocean Region. 0aDecolonizationzMauritius. 0aMauritiusxHistory, Militaryy20th century. 0aMauritiusxHistory, Navaly20th century. 0aMauritiusxStrategic aspects. 0aIndian Ocean RegionxStrategic aspects. 7aElectronic books.2local2 aebrary, Inc. 0aStudies in military and strategic history (Palgrave (Firm))40uhttp://site.ebrary.com/lib/rucke/Doc?id=10076987zAn electronic book accessible through the World Wide Web; click to view c54060d54060